Hannovers einwohnerstärksten Stadtteile - Statistiken

Allgemein
  • Dieses Quiz wurde 112 mal gespielt
  • Das Durchschnittsergebnis liegt bei 9 aus 15
Antwortstatistiken
Hint Antwort % Korrekt
16.128 Linden-Nord
90%
46.811 List
80%
41.084 Südstadt
80%
17.872 Nordstadt
71%
25.388 Vahrenwald
64%
13.571 Döhren
63%
23.768 Misburg-Nord
62%
13.089 Ricklingen
54%
21.077 Bothfeld
51%
14.196 Oststadt
49%
13.073 Stöcken
47%
19.922 Bemerode
46%
29.354 Groß-Buchholz
41%
14.363 Sahlkamp
33%
13.172 Wettbergen
32%
Keine übereinstimmenden Quizze gefunden
Verteilung der Resultate
Anzahl Personen mit jedem Resultat
Perzentil nach korrekt beantworteten Fragen
Ihre Resultats-Entwicklung
Sie haben dieses Quiz noch nicht gespielt